The partisan war in Lithuania from 1944 to 1953

Titel: The partisan war in Lithuania from 1944 to 1953
Verfasser:
In: ˜Theœ anti-soviet resistance in the Baltic states, (1999), Seite 23-45
alle Artikel anzeigen
Veröffentlicht: 1999
Format: Aufsatz
Sprache: Englisch
Kein Bild verfügbar
X
alg: 39295582
001A    $01999:11-11-16 
001B    $01999:06-04-21 $t20:52:46.000 
001D    $01999:11-11-16 
001U    $0utf8 
001X    $00 
002@    $0Aox 
003@    $0392955822 
007A    $0392955822 $aHEB 
007T    $0Herde07758 
010@    $aeng 
011@    $a1999 
021A    $aThe @partisan war in Lithuania from 1944 to 1953 
028A    $aGaškaitė-Žemaitienė $dNijolė 
031A    $h23-45 $j1999 
039B    $aIn $8--Aau--. The @anti-soviet resistance in the Baltic states. - Vilnius : Du Ka, 1999. - 272 S.. - Ill., graph. Darst.. - ISBN 9986-647-10-X $x199900000000000977 $9090634799 
045F    $a900.947930904 $eDDC23BSB 
045F/01 $a900 
045F/03 $f0904 
045F/03 $g4793 

lok: 39295582 78

exp: 39295582 78 1 #EPN
201B/01 $019-04-17 $t11:43:20.000 
201U/01 $0utf8 
203@/01 $0789066114 
208@/01 $a11-11-16 $be 
209A/01 $a/ $f000 $x00 
220C/01 $aTitelaufnehmer: pk 
220C/01 $aHerkunft: Baltische Bibliographie / P. Kaegbein;*i 
237A/01 $aweiterführende Signatur(en): HI: 00.1047 
244Z/01 $2Trx $#Litauen $#Lithuania $#Litwa $#Litva $#Litva $8--Trx--Lietuva $x01 $9391193457 
244Z/01 $aGeschichte 1944-1953 $x02 
244Z/01 $2Trx $#nõukogude okupatsioonipoliitika $#Sovietų Sąjungos okupacinė politika $#Soviet policies of occupation $#megszállási politika, szovjet $#polityka okupacyjna, sowiecka $#politika okupačná, sovietska $#politika okupační, sovětská $8--Trx--Besatzungspolitik, sowjetische $x03 $9391367412 
244Z/01 $2Trx $#partisanid $#partizanai $#Partisans $#partizánok $#partyzanci $#partizáni $#partyzáni $8--Trx--Partisanen $x04 $9391380087 
244Z/01 $2Trx $#vastupanu, antikommunistlik $#antikomunistinis pasipriešinimas $#anticommunist resistance $#ellenállás, antikommunista $#opozycja antykomunistyczna $#odboj, protikomunistický $#odboj, protikomunistický $8--Trx--Widerstand, antikommunistischer $x05 $9391367366 
244Z/01 $2Trx $8--Trx--Einzelbeiträge $x06 $9391384570 
245Z/01 $a06.04.04 $x01 
247C/01 $82080>Marburg/Lahn, Herder-Institut, Forschungsbibliothek, Bibliographieportal $9336309341
LEADER 00000caa a22000002c 4500
001 392955822
003 DE-603
005 20210406205246.0
007 tu
008 161111s1999 xx |||| | u00||u|eng c
035 |a (DE-599)HEB392955822 
040 |a DE-603  |b ger  |c DE-603  |d DE-603 
041 |a eng 
082 0 4 |8 1\u  |a 900.947930904  |q DE-101  |2 23/BSB 
085 |8 1\u  |b 900 
085 |8 1\u  |z 1  |s 0904 
085 |8 1\u  |z 2  |s 4793 
100 1 |a Gaškaitė-Žemaitienė, Nijolė 
245 0 0 |a ˜Theœ partisan war in Lithuania from 1944 to 1953 
264 0 |c 1999 
773 0 8 |i In  |t ˜Theœ anti-soviet resistance in the Baltic states  |d Vilnius : Du Ka, 1999  |h 272 S., Ill., graph. Darst.  |z 998664710X  |g (1999), Seite 23-45  |w (DE-603)090634799 
924 0 |9 2080  |a (DE-603)789066114  |b DE-2080  |c HES  |d d  |g /